<?xml version="1.0" encoding="UTF-8"?>
<record
    xmlns:xsi="http://www.w3.org/2001/XMLSchema-instance"
    xsi:schemaLocation="http://www.loc.gov/MARC21/slim http://www.loc.gov/standards/marcxml/schema/MARC21slim.xsd"
    xmlns="http://www.loc.gov/MARC21/slim">

  <leader>00474nam a22001937a 4500</leader>
  <datafield tag="999" ind1=" " ind2=" ">
    <subfield code="c">11847</subfield>
    <subfield code="d">11847</subfield>
  </datafield>
  <controlfield tag="003">OSt</controlfield>
  <controlfield tag="008">230302b           ||||| |||| 00| 0 eng d</controlfield>
  <datafield tag="020" ind1=" " ind2=" ">
    <subfield code="a">9789352621699</subfield>
  </datafield>
  <datafield tag="082" ind1=" " ind2=" ">
    <subfield code="a">331.0954 MAD</subfield>
  </datafield>
  <datafield tag="100" ind1=" " ind2=" ">
    <subfield code="a">MAMORIA, C.B.</subfield>
  </datafield>
  <datafield tag="245" ind1=" " ind2=" ">
    <subfield code="a">Dynamics of Industrial Relations</subfield>
  </datafield>
  <datafield tag="250" ind1=" " ind2=" ">
    <subfield code="a">16th ed.</subfield>
  </datafield>
  <datafield tag="260" ind1=" " ind2=" ">
    <subfield code="a">Mumbai</subfield>
    <subfield code="b">Himalaya Publishing House</subfield>
    <subfield code="c">2022</subfield>
  </datafield>
  <datafield tag="300" ind1=" " ind2=" ">
    <subfield code="a">563 p.</subfield>
  </datafield>
  <datafield tag="650" ind1=" " ind2=" ">
    <subfield code="a">B.com</subfield>
  </datafield>
  <datafield tag="700" ind1=" " ind2=" ">
    <subfield code="a">MAMORIA, Satish</subfield>
  </datafield>
  <datafield tag="700" ind1=" " ind2=" ">
    <subfield code="a">RAO, P. Subba</subfield>
  </datafield>
  <datafield tag="942" ind1=" " ind2=" ">
    <subfield code="2">ddc</subfield>
    <subfield code="c">BK</subfield>
  </datafield>
  <datafield tag="952" ind1=" " ind2=" ">
    <subfield code="0">0</subfield>
    <subfield code="1">0</subfield>
    <subfield code="2">ddc</subfield>
    <subfield code="4">0</subfield>
    <subfield code="7">0</subfield>
    <subfield code="8">BCOM</subfield>
    <subfield code="a">PIETNCR</subfield>
    <subfield code="b">PIETNCR</subfield>
    <subfield code="d">2023-02-16</subfield>
    <subfield code="e">International Book Centre</subfield>
    <subfield code="f">In Rupees</subfield>
    <subfield code="g">698.00</subfield>
    <subfield code="k">IB/IN/1152</subfield>
    <subfield code="l">0</subfield>
    <subfield code="o">331.0954 MAD</subfield>
    <subfield code="p">N3352</subfield>
    <subfield code="r">2023-03-02 00:00:00</subfield>
    <subfield code="v">523.50</subfield>
    <subfield code="w">2023-02-16</subfield>
    <subfield code="y">REF</subfield>
  </datafield>
  <datafield tag="952" ind1=" " ind2=" ">
    <subfield code="0">0</subfield>
    <subfield code="1">0</subfield>
    <subfield code="2">ddc</subfield>
    <subfield code="4">0</subfield>
    <subfield code="7">0</subfield>
    <subfield code="8">BCOM</subfield>
    <subfield code="a">PIETNCR</subfield>
    <subfield code="b">PIETNCR</subfield>
    <subfield code="d">2023-02-16</subfield>
    <subfield code="e">International Book Centre</subfield>
    <subfield code="f">In Rupees</subfield>
    <subfield code="g">698.00</subfield>
    <subfield code="k">IB/IN/1152</subfield>
    <subfield code="l">0</subfield>
    <subfield code="o">331.0954 MAD</subfield>
    <subfield code="p">N3353</subfield>
    <subfield code="r">2023-03-02 00:00:00</subfield>
    <subfield code="v">523.50</subfield>
    <subfield code="w">2023-02-16</subfield>
    <subfield code="y">BK</subfield>
  </datafield>
  <datafield tag="952" ind1=" " ind2=" ">
    <subfield code="0">0</subfield>
    <subfield code="1">0</subfield>
    <subfield code="2">ddc</subfield>
    <subfield code="4">0</subfield>
    <subfield code="7">0</subfield>
    <subfield code="8">BCOM</subfield>
    <subfield code="a">PIETNCR</subfield>
    <subfield code="b">PIETNCR</subfield>
    <subfield code="d">2023-02-16</subfield>
    <subfield code="e">International Book Centre</subfield>
    <subfield code="f">In Rupees</subfield>
    <subfield code="g">698.00</subfield>
    <subfield code="k">IB/IN/1152</subfield>
    <subfield code="l">0</subfield>
    <subfield code="o">331.0954 MAD</subfield>
    <subfield code="p">N3354</subfield>
    <subfield code="r">2023-03-02 00:00:00</subfield>
    <subfield code="v">523.50</subfield>
    <subfield code="w">2023-02-16</subfield>
    <subfield code="y">BK</subfield>
  </datafield>
  <datafield tag="952" ind1=" " ind2=" ">
    <subfield code="0">0</subfield>
    <subfield code="1">0</subfield>
    <subfield code="2">ddc</subfield>
    <subfield code="4">0</subfield>
    <subfield code="7">0</subfield>
    <subfield code="8">BCOM</subfield>
    <subfield code="a">PIETNCR</subfield>
    <subfield code="b">PIETNCR</subfield>
    <subfield code="d">2023-02-16</subfield>
    <subfield code="e">International Book Centre</subfield>
    <subfield code="f">In Rupees</subfield>
    <subfield code="g">698.00</subfield>
    <subfield code="k">IB/IN/1152</subfield>
    <subfield code="l">0</subfield>
    <subfield code="o">331.0954 MAD</subfield>
    <subfield code="p">N3355</subfield>
    <subfield code="r">2023-03-02 00:00:00</subfield>
    <subfield code="v">523.50</subfield>
    <subfield code="w">2023-02-16</subfield>
    <subfield code="y">BK</subfield>
  </datafield>
  <datafield tag="952" ind1=" " ind2=" ">
    <subfield code="0">0</subfield>
    <subfield code="1">0</subfield>
    <subfield code="2">ddc</subfield>
    <subfield code="4">0</subfield>
    <subfield code="7">0</subfield>
    <subfield code="8">BCOM</subfield>
    <subfield code="a">PIETNCR</subfield>
    <subfield code="b">PIETNCR</subfield>
    <subfield code="d">2023-02-16</subfield>
    <subfield code="e">International Book Centre</subfield>
    <subfield code="f">In Rupees</subfield>
    <subfield code="g">698.00</subfield>
    <subfield code="k">IB/IN/1152</subfield>
    <subfield code="l">0</subfield>
    <subfield code="o">331.0954 MAD</subfield>
    <subfield code="p">N3356</subfield>
    <subfield code="r">2023-03-02 00:00:00</subfield>
    <subfield code="v">523.50</subfield>
    <subfield code="w">2023-02-16</subfield>
    <subfield code="y">BK</subfield>
  </datafield>
</record>
